[Event "7th Uppsala Young Champions"]
[Site "Uppsala"]
[Date "2020.10.24"]
[Round "2.3"]
[White "Kucuksari, Kaan"]
[Black "Carlsson, Ludvig"]
[Result "1-0"]
[WhiteElo "2384"]
[BlackElo "2281"]
[Annotator "TA"]
[PlyCount "65"]
[EventDate "2020.10.23"]
[EventType "swiss"]
[EventCountry "SWE"]
[SourceTitle "playchess.com"]
[Source "ChessBase"]
[SourceQuality "1"]

{[%evp 13,65,-2,0,0,33,37,32,43,45,41,39,22,45,22,38,44,43,47,35,40,44,0,4,30,73,52,210,0,0,0,0,0,80,72,124,127,188,117,116,109,134,125,114,39,174,183,177,183,493,481,752,752,1000,942]} 1. d4 Nf6 2. c4 e6 3. Nc3 Bb4 4. f3 c5 5. d5 d6 6. e4 O-O 7. Nge2 b5 8. Nf4 {E20: Nimzo-Indian: 4 g3 and 4 f3.} bxc4 9. Bxc4 {[%cal Rd5e6]} Bxc3+ 10. bxc3 {[%cal Rd5e6] White is slightly better.} e5 11. Ne2 {[#]} Qa5 $146 ({Predecessor:} 11... Nfd7 12. Bd3 Qa5 13. Bd2 c4 14. Bxc4 Qc7 15. Bb3 Nc5 16. O-O a5 17. Bc2 Nbd7 {1-0 (46) Wang,H (2725)-Wen,Y (2586) Changsha 2019}) 12. O-O Nbd7 {[%cal Bb8d7,Bd7b6,Bb6c4][%mdl 32]} 13. Be3 Nb6 14. Bd3 Ba6 15. Bxa6 Qxa6 16. Ng3 Nc4 17. Qe2 Qa4 18. Nf5 Rfe8 19. Qf2 Nh5 $2 {[#]} (19... Rab8 $14) 20. f4 $2 (20. Bh6 $1 $18 {[%cal Rh6g7]} f6 21. Qh4) 20... Nxe3 $11 21. Qxe3 exf4 22. Qf3 g6 (22... Qxe4 $11 {remains equal.} 23. Qxh5 Re5) 23. Nxd6 $16 Re7 (23... Re5 $142) 24. Rae1 Rd8 (24... f6 $16) 25. Nf5 (25. e5 $18) 25... Re5 26. Nh6+ Kg7 27. Ng4 $36 {[%mdl 2048] White is really pushing.} Ree8 28. Re2 (28. e5 $16 {Re4 is the strong threat.} Qxa2 29. d6) 28... f6 {[#]} (28... Qc4 $1 $14) 29. e5 $1 $18 fxe5 30. Nxe5 ({Weaker is} 30. Rxe5 Rxe5 31. Nxe5 Qxa2 $11) 30... Rd6 $2 (30... Qa6 {is a better chance.} 31. c4 Qf6) 31. c4 {White is clearly winning.} Kg8 (31... Rf8 $142 32. Re4 Rf5) 32. g4 Nf6 33. Qxf4 {Av CentiPawn Loss W=-18/B=-57. Weighted=-25/-53} 1-0

[Event "7th Uppsala Young Champions"]
[Site "Uppsala"]
[Date "2020.10.24"]
[Round "2.4"]
[White "Stefansson, Vignir Vatnar"]
[Black "Nemec, Jachym"]
[Result "1-0"]
[WhiteElo "2313"]
[BlackElo "2246"]
[Annotator "TA"]
[PlyCount "121"]
[EventDate "2020.10.23"]
[EventType "swiss"]
[EventCountry "SWE"]
[SourceTitle "playchess.com"]
[Source "ChessBase"]
[SourceQuality "1"]

{[%evp 10,121,27,0,0,-4,23,31,50,39,72,35,59,37,110,116,116,89,82,85,120,110,138,123,158,68,58,59,59,66,55,57,69,53,94,87,97,89,80,84,87,66,118,106,95,104,203,137,143,100,100,98,81,36,47,41,33,34,38,31,34,47,40,63,44,55,116,4,8,8,8,4,8,-18,218,218,218,218,218,218,583,581,2715,2498,5577,4133,29979,29979,29980,29981,29986,29987,29987,29988,29988,29989,29988,29976,29976,29977,29977,29978,29977,29979,29978,29979,29978,29979,29979,29980,29981,29981,29986,29987]} 1. d4 Nf6 2. Nf3 g6 3. c4 Bg7 4. e3 O-O 5. Be2 c5 6. O-O cxd4 {E60: King's Indian: Unusual lines and Fianchetto Variation without Nc3.} 7. Nxd4 d6 8. Nc3 Nbd7 {White is slightly better.} 9. Rb1 {[#]} a5 $146 ({Predecessor:} 9... Ne5 10. f3 Bd7 11. e4 Rc8 12. b3 Nc6 13. Be3 a6 14. Qd2 Ne8 15. Rfd1 Qa5 {1-0 (51) Bukwa,J (1800)-Zwierzynski,P (2015) Krynica 2003}) 10. a3 Nb6 11. b3 Be6 ({Better is} 11... a4 $14) 12. Nxe6 $16 fxe6 13. b4 axb4 14. axb4 Qc7 15. Nb5 Qc6 16. Qb3 Rfc8 {[%cal Rb6c4]} 17. Nd4 (17. c5 $1 $16 {[%cal Rc5b6]} dxc5 18. bxc5) 17... Qa4 $1 $14 18. c5 Qxb3 19. Rxb3 e5 20. Ne6 $36 {[%mdl 2048] White is more active.} Nbd7 $1 21. Bc4 {aiming for Nc7+.} d5 22. Bb5 Bh6 {Black wants to play ...Kf7.} 23. f4 exf4 24. exf4 Nf8 25. Ng5 Ra2 (25... e6 $14) 26. Re3 Rc7 27. Rfe1 Rc2 (27... Bg7 $16 {was necessary.}) 28. Bd3 Rc3 29. Bb2 Rb3 30. Be5 Rc8 31. Bxg6 (31. Ba1 {seems wilder.} Rxb4 32. Rxe7 Nh5 33. Nf7 Bg7 34. f5) 31... Rxe3 32. Bf7+ Kg7 33. Rxe3 {Black must now prevent Bxd5.} Bxg5 $1 34. fxg5 {[%mdl 64] Pin} Kxf7 35. gxf6 exf6 {[%mdl 4096] Endgame KRB-KRN} 36. Bd6 {Re7+ is the strong threat.} Ne6 37. Ra3 Nd8 (37... d4 $14) 38. Ra7 (38. b5 $16) 38... Ke6 39. Kf2 d4 40. b5 {[%cal Bb4b5,Bb5b6,Bb6b7][%mdl 32]} Kd5 41. b6 Ne6 $2 {Loses the game.} (41... Kc6 $11) 42. Rxb7 $18 Nxc5 43. Bxc5 Rxc5 44. Rxh7 {Threatens to win with Rh5+. KR-KR} Ke4 $2 (44... Rc2+ {is more resistant.} 45. Kf3 Rc3+ 46. Kf4 Rc2) 45. Re7+ Kd3 46. b7 Rb5 47. h4 Kc2 48. Rc7+ {White mates.} Kd1 {[#]} 49. h5 $1 {[%mdl 512]} d3 (49... Rxh5 50. b8=Q) 50. h6 d2 51. h7 Rf5+ 52. Ke3 Ke1 53. Rd7 Re5+ 54. Kf4 Re8 55. Kf5 Rf8 56. Kg6 Rb8 {[#]} 57. Rxd2 $3 {[%mdl 576] Promotion} Kxd2 58. Kxf6 Ke3 59. g4 Kf4 60. g5 Kg4 61. g6 {Av CentiPawn Loss W=-32/B=-74. Weighted=-42/-68} 1-0

[Event "7th Uppsala Young Champions"]
[Site "Uppsala"]
[Date "2020.10.24"]
[Round "2.5"]
[White "Stalmach, Richard"]
[Black "Kusa, Jakub"]
[Result "0-1"]
[WhiteElo "2296"]
[BlackElo "2233"]
[Annotator "TA"]
[PlyCount "147"]
[EventDate "2020.10.23"]
[EventType "swiss"]
[EventCountry "SWE"]
[SourceTitle "playchess.com"]
[Source "ChessBase"]
[SourceQuality "1"]

{[%evp 15,147,3,24,18,9,0,45,52,58,45,59,53,61,-22,31,-68,-63,-69,-67,-98,-56,-37,-41,-52,-41,-57,-52,-58,-54,-66,-54,-88,-21,-70,-60,-311,-367,-486,-456,-497,-274,-473,-465,-396,-395,-510,-507,-496,-468,-494,-502,-502,-492,-521,-522,-485,-360,-453,-407,-384,-360,-368,-364,-356,-327,-402,-347,-333,-263,-497,-425,-410,-386,-351,-229,-229,0,0,0,0,0,-48,-48,-61,-61,-39,0,0,0,0,0,0,0,0,0,0,0,0,0,0,0,0,0,-46,-114,-1026,-1031,-1160,-1131,-2424,-2300,-2139,-2120,-29985,-29986,-29985,-29979,-29980,-29979,-29981,-29984,-29982,-29982,-29984,-29985,-29985,-29986,-29986,-29986,-29986,-29987,-29987,-29988,-29988]} 1. d4 d5 2. c4 e6 3. Nc3 Be7 4. cxd5 exd5 5. Bf4 c6 6. e3 Bf5 7. g4 Be6 8. h4 Nd7 9. g5 {D31: Queen's Gambit Declined: Semi-Slav without ...Nf6 (+ Marshall Gambit and Noteboom) and Exchange Variation lines without ...Nf6.} h6 {[%cal Rh6g5]} 10. g6 f5 {[#]} 11. Qb3 $146 {White is slightly better.} ({Predecessor:} 11. h5 Ngf6 12. f3 Nb6 13. Qc2 O-O 14. Bd3 Qd7 15. Qh2 Nc4 16. b3 Nd6 17. Nge2 {0-1 (58) Van Kampen,R (2643)-Bruzon Batista,L (2643) Linares 2017}) 11... Nb6 12. h5 Nf6 13. Nf3 O-O 14. O-O-O (14. Rc1 $14) 14... Bd6 (14... Ne4 $11 15. Rh2 c5) 15. Ne2 (15. Qc2 $14) 15... Ng4 $1 $15 16. Rh2 Nxh2 17. Nxh2 Rc8 18. Nf3 Nc4 19. Kb1 b5 20. Bxd6 Qxd6 21. Nf4 a5 22. Ne1 a4 23. Qc2 b4 (23... c5 $17 {aiming for ...cxd4.} 24. dxc5 Rxc5) 24. Qxa4 {[#]} b3 $1 $36 {[%mdl 2560] White is under pressure.} 25. axb3 $2 {[%mdl 8192]} ({White should play} 25. Ned3 $1 $15 bxa2+ 26. Ka1) 25... Ra8 $19 26. Qxc4 dxc4 27. Nxe6 Rfe8 (27... cxb3 $142 28. Nc5 Qh2 29. Bc4+ Kh8) 28. Nc5 $2 (28. Nf4) 28... cxb3 29. Bc4+ Kh8 30. Ned3 Qh2 31. Bxb3 Qxh5 32. Rg1 Qh2 33. Rc1 Ra7 34. Ne6 Rea8 35. Kc2 Qg2 36. Kd2 Qxg6 37. Rxc6 Qg2 38. Rc5 Rb8 39. Nef4 Qg1 40. Bc2 Rab7 41. Rxf5 Kg8 42. Nd5 $2 (42. b4) 42... Rf8 43. Ne7+ Rxe7 44. Bb3+ {[#]} Rff7 $1 45. Ne5 {[#]} (45. Bxf7+ Rxf7) 45... Qb1 $2 ({Don't take} 45... Kh7 46. Bxf7 g5 47. Rf6 $17) (45... g6 $1 $19 {[%cal Rg6f5]} 46. Rxf7 Rxf7 47. Bxf7+ Kg7) 46. Bxf7+ $11 Rxf7 47. Rxf7 Qxb2+ {[%mdl 4096] Endgame KQ-KRN} 48. Kd3 h5 {[%mdl 1024] Black has compensation.} 49. Rf4 g5 50. Rf6 g4 51. Ke4 Qc2+ 52. Kd5 Kg7 53. Rg6+ Kh7 54. Rg5 Kh6 55. Rg6+ Kh7 {Threatens to win with ...Qf5.} 56. Rf6 Kg7 57. Rf7+ Kh6 58. Ke6 Qc8+ 59. Kf6 h4 {Strongly threatening ...g3. White is now going downhill.} 60. Re7 $2 {[%mdl 8192]} (60. d5 $17) 60... h3 $19 61. Nf7+ Kh5 62. Ne5 Qf8+ 63. Rf7 Qh6+ 64. Kf5 h2 {Black mates.} 65. Rf6 Qg5+ 66. Ke6 h1=Q 67. Rf5 {[#]} Qxf5+ $1 68. Kxf5 Qf1 69. Nxg4 Qh3 70. d5 Qxg4+ 71. Ke5 Kg6 72. e4 Qf3 {[%csl Gg6][%cal Rf3f6]} 73. d6 Kf7 74. Kd4 {Av CentiPawn Loss W=-71/B=-23. Weighted=-70/-30} 0-1

[Event "7th Uppsala Young Champions"]
[Site "Uppsala"]
[Date "2020.10.24"]
[Round "2.6"]
[White "Van Dael, Siem"]
[Black "Nilsson, Joakim"]
[Result "1-0"]
[WhiteElo "2285"]
[BlackElo "2224"]
[Annotator "TA"]
[PlyCount "157"]
[EventDate "2020.10.23"]
[EventType "swiss"]
[EventCountry "SWE"]
[SourceTitle "playchess.com"]
[Source "ChessBase"]
[SourceQuality "1"]

{[%evp 15,157,-31,-6,-13,-11,-17,-16,-22,8,8,7,7,10,15,7,-62,-25,-61,0,-141,-22,-14,-15,-7,18,0,0,-46,-38,-34,0,0,21,23,29,0,0,0,0,0,0,0,0,-14,-10,-10,-18,-12,-7,-27,0,0,10,-43,-12,-22,-9,-115,-92,-83,-79,-98,-43,-52,-21,-21,-21,-21,-21,-21,-21,-22,-22,-22,-22,-103,-22,-33,-22,-22,0,-22,-22,-22,0,0,0,0,49,49,57,57,66,57,71,50,57,50,79,50,71,64,72,72,94,71,79,0,94,94,102,94,102,102,102,102,29957,29957,29969,29970,29969,29970,29970,29970,29972,29972,29972,29973,29973,29974,29973,29974,29974,29972,29971,29971,29966,5105,29986,29987,29987,29985,29982,29982]} 1. a4 Nf6 2. Nf3 d5 3. g3 g6 4. Bg2 Bg7 5. O-O O-O 6. d3 c5 7. Nbd2 Nc6 8. e4 e6 9. Re1 {A08: King's Indian Attack.} b6 10. exd5 exd5 {[#]} 11. d4 $146 {The position is equal.} ({Predecessor:} 11. Nf1 h6 12. Bd2 Be6 13. Qc1 Kh7 14. Nh4 Rc8 15. f4 Qd7 16. Be3 d4 17. Bf2 {0-1 (44) Opasiak,D (1791)-Edwards,J (2182) Edinburgh 2015}) 11... cxd4 12. Nb3 Bg4 13. Nbxd4 Nxd4 14. Qxd4 Ne4 15. Qb4 (15. Qd1 $11) 15... Rc8 (15... Qf6 $5 {[%cal Rg4f3]} 16. Qb3 Qf5 $15) 16. Qb3 Qf6 (16... Re8 $15) 17. Ra3 (17. Qxd5 $11 {keeps the balance.} Bxf3 18. Bxf3 Qxf3 19. Qxe4 Qxe4 20. Rxe4) 17... Qc6 ({Better is} 17... Rfd8 $17 {Hoping for ...Bf8.} 18. Rf1 Rc4) 18. c3 $1 $11 Rfe8 19. Be3 Nc5 20. Qd1 Qd7 21. Qa1 Nd3 22. Rd1 Rxe3 (22... Ne5 {with more complications.} 23. Nxe5 Rxe5 24. Re1 Bf8 25. b4 a5) 23. fxe3 Qf5 {[#] Threatens to win with ...Bh6.} 24. Qb1 Bxf3 25. Bxf3 (25. Rf1 $5 {[%cal Rg2f3]}) 25... Qxf3 26. Qxd3 {Strongly threatening Rf1.} (26. Rxd3 Bh6 $17) 26... Bh6 $36 {[%mdl 2048] Black has the initiative.} 27. Re1 Re8 28. c4 dxc4 29. Qf1 Qd5 30. Rc3 Re4 31. Qf3 Qe6 32. Kg2 Bg7 (32... Bf8 $5 {[%cal Rf8b4]} 33. Rcc1 Kg7 $15) 33. Rc2 h5 34. h3 (34. Rf2 $11) 34... a6 35. Rd2 b5 36. Rd6 (36. Ree2 $11) 36... Qxd6 $17 37. Qxe4 {[%mdl 4096] Endgame KQR-KQB} Qd2+ ({Don't play} 37... bxa4 38. Re2 $11) 38. Kf1 Qxb2 (38... bxa4 $17 39. Re2 Qd1+ 40. Kf2 Qb3) 39. Qa8+ $15 Kh7 {And now ...c3 would win.} 40. Qxa6 bxa4 41. Qxa4 c3 42. Re2 Qb7 {...Be5 is the strong threat.} 43. e4 Qc7 44. Kg2 Be5 45. g4 (45. Ra2 $11) 45... h4 (45... hxg4 $17 46. hxg4 Qc8) 46. Qc2 Bd4 {[%mdl 1024] ( -> ...Qg3+). Black has compensation.} 47. Qd3 Be5 48. Rf2 Kg7 49. Rc2 Qc6 50. Qd5 Qf6 51. Rf2 Bf4 52. Qc4 {Black must now prevent e5!} g5 53. Rf3 Qd6 54. Qxc3+ Be5 55. Qc1 (55. Qc4 {looks sharper.} Bf4 56. Rd3 Qb8 57. Qb3 Qa8 58. Kf3) 55... Bf4 56. Qb2+ Be5 57. Qf2 Bf4 58. Qe2 Qe5 59. Rd3 Qb5 60. Qf1 Qc4 61. Qe2 Qb5 62. Qc2 Qa6 63. Qb2+ Kh7 64. Rd8 {White wants to mate with Qh8+.} Be5 65. Qf2 ({Much worse is} 65. Qxe5 $6 Qe2+ 66. Kh1 Qe1+ 67. Kh2 Qf2+ 68. Kh1 Qe1+ 69. Kh2 Qf2+ 70. Kh1 Qe1+ $11) 65... Qe6 $2 {[%mdl 8192] [#] A mistake that costs the game.} (65... Qc4 $16) 66. Qf5+ Qxf5 67. exf5 {KR-KB} Kg7 68. Kf3 Bb2 69. Ke4 Bf6 70. Ra8 Bc3 71. Kd5 Bb2 72. Kd6 Kf6 73. Ra5 Bc3 74. Rb5 Bd4 75. Kd7 Kg7 76. Ke8 f6 77. Rb7+ {White mates.} Kg8 78. Ke7 Be5 79. Ke6 {Av CentiPawn Loss W=-25/B=-42. Weighted=-32/-44} 1-0

[Event "7th Uppsala Young Champions"]
[Site "Uppsala"]
[Date "2020.10.24"]
[Round "2.7"]
[White "Brozka, Karel"]
[Black "Sorensen, Hampus"]
[Result "0-1"]
[WhiteElo "2216"]
[BlackElo "2393"]
[Annotator "TA"]
[PlyCount "112"]
[EventDate "2020.10.23"]
[EventType "swiss"]
[EventCountry "SWE"]
[SourceTitle "playchess.com"]
[Source "ChessBase"]
[SourceQuality "1"]

{[%evp 9,112,20,32,32,29,22,29,28,20,23,24,12,12,12,12,12,16,16,18,8,15,8,8,8,7,0,6,0,46,24,31,29,29,12,22,24,24,16,75,20,27,32,24,18,29,24,51,33,42,0,0,0,0,0,0,-5,-12,-16,-13,-29,22,-102,-118,-157,0,0,0,0,14,-81,-54,-148,-127,-117,-93,-1607,-1529,-1052,-1492,-1424,-1477,-1423,-1410,-1270,-1235,-12833,-12834,-12836,-1299,-29985,-29982,-29985,-29986,-29986,-29987,-29995,-29993,-29996,-29992,-29996,-29997,-29997,-29998,-29998,-29993]} 1. d4 d5 2. c4 e6 3. Nf3 a6 4. cxd5 exd5 5. Nc3 h6 6. Bf4 {D31: Queen's Gambit Declined: Semi-Slav without ...Nf6 (+ Marshall Gambit and Noteboom) and Exchange Variation lines without ...Nf6.} Nf6 7. e3 Bd6 8. Bxd6 {White has an edge.} Qxd6 9. Bd3 O-O 10. O-O {[#]} Bg4 $146 ({Predecessor:} 10... Nbd7 11. Rc1 c5 12. dxc5 Nxc5 13. h3 Qb6 14. Bb1 Be6 15. Qd4 Rfc8 16. Ne2 a5 {1-0 (76) Rodshtein,M (2684)-Hess,R (2581) Douglas 2019}) 11. h3 Bxf3 12. Qxf3 c6 13. Rfc1 Nbd7 {[%cal Bb8d7,Bd7f8,Bf8e6,Be6g5][%mdl 32]} 14. Rc2 Rfe8 15. a3 a5 16. b3 Nf8 17. Na4 Ne6 18. Nc5 Ng5 19. Qe2 b6 20. Na4 Rab8 21. Qe1 (21. Qd1 {feels hotter.} Ne6 22. Qc1 Rec8 23. Bf5 Qd7 24. Rb1) 21... Ne6 22. Qc1 Rec8 23. b4 Nd7 (23... b5 $11 24. Nc5 Nxc5 25. Rxc5 Nd7) 24. Bf5 (24. Bb5 $16) 24... Ra8 25. b5 c5 26. dxc5 bxc5 27. Rb1 Rab8 28. Qd2 Qe5 29. Bxe6 (29. Bg4 {with more complications.} Qd6 30. Be2 Rd8 31. Rcc1 Nf6 32. b6) 29... fxe6 30. b6 Qe4 31. Nc3 Qg6 32. Rcb2 Ne5 33. Qe2 Rf8 {next ...Nd3 is good for Black.} 34. f4 Nd3 (34... Nc4 $142 35. Rb3 Qe8) 35. Rd2 (35. Rb5 $11) 35... c4 $17 36. Qf3 d4 $2 ({Black should try} 36... Qf6 $17 37. Ne2 Qd8) 37. exd4 $11 Rxf4 38. Qc6 {Black must now prevent b7.} Rxd4 {Strongly threatening ...Ne5.} 39. b7 (39. Qc7 $11 {remains equal.} Qe8 40. Rc2) 39... Kh7 $17 40. Qc7 (40. Rdd1 $1 $15) 40... Nf4 41. Rdb2 Qg3 {Hoping for ...Nxh3+.} 42. Qxb8 $4 {[%mdl 8192] White does not recover from this.} (42. Kh1 $17 Rxb7 43. Qxb7 Qxc3 44. Qa8) 42... Nxh3+ $1 $19 {[%mdl 64] [#] Discovered Attack} 43. Kh1 Qxb8 44. gxh3 Rd3 45. Ne4 Rxh3+ 46. Kg1 Re3 47. Nd6 c3 48. Rc2 a4 49. Rb6 Rd3 {Black mates.} 50. Ne4 Rd1+ 51. Kg2 Qf4 52. b8=Q Qxe4+ 53. Kg3 Qxc2 54. Qe5 Rd3+ 55. Kh4 Qf2+ {[%mdl 64] [#] Double Attack} 56. Kg4 Rd4+ {Av CentiPawn Loss W=-58/B=-21. Weighted=-92/-22} 0-1

[Event "7th Uppsala Young Champions"]
[Site "Uppsala"]
[Date "2020.10.24"]
[Round "2.8"]
[White "Seo, Jung Min"]
[Black "Rasti, Arvin"]
[Result "1/2-1/2"]
[WhiteElo "2455"]
[BlackElo "2201"]
[Annotator "TA"]
[PlyCount "154"]
[EventDate "2020.10.23"]
[EventType "swiss"]
[EventCountry "SWE"]
[SourceTitle "playchess.com"]
[Source "ChessBase"]
[SourceQuality "1"]

{[%evp 12,154,8,0,0,0,0,-13,-15,-13,-11,-14,-15,-20,-18,-25,33,0,7,-15,36,32,43,12,30,9,16,-14,-22,-66,-17,-31,-6,-29,37,31,25,0,0,-42,-40,-21,0,-34,-6,-83,34,-20,-20,-10,39,0,0,-2,0,0,0,-104,-53,-68,-85,-88,-19,-98,-106,-218,-208,-210,-205,-314,-177,-321,-313,-416,-416,-399,-346,-369,-455,-416,-388,-325,-108,-108,-108,-108,-108,-108,-4,-193,-6,-183,-200,-185,-191,-191,-198,-455,-422,-943,-903,-804,-789,-2880,-1799,-12833,-12827,-12843,-12843,-12844,-12841,-12845,0,0,0,0,0,0,0,0,0,0,0,-28000,-28000,-28000,-28000,-28000,-28000,-28000,-28000,-28000,-28000,-28000,-28000,-28000,-28000,-28000,-28000,-28000,-28000,-28000,-28000,-28000,-28000]} 1. c4 d6 2. Nc3 e5 3. g3 f5 4. Bg2 Nf6 5. d3 Be7 6. e4 c6 {6...fxe4 injects fresh life into this line.} 7. Nge2 O-O {A21: English Opening: 1...e5 2 Nc3.} 8. O-O fxe4 9. dxe4 Be6 {The position is equal.} 10. b3 a6 11. a4 a5 12. h3 Na6 13. Be3 Nc5 (13... Qd7 $11) 14. Qc2 {[#]} b6 $146 ({Predecessor:} 14... Nfd7 15. Kh2 Na6 16. f4 Nb4 17. Qd2 Nc5 18. Rab1 exf4 19. gxf4 b6 20. Nd4 Qc7 21. Nxe6 Nxe6 22. Ne2 Nc5 23. Ng3 Rf7 24. Nf5 Bf8 25. Bd4 Re8 26. Ng3 {½-½ (26) Glud,J (2520)-Maze,S (2564) Reykjavik 2012}) 15. Rad1 Ra7 (15... Qd7 $11) 16. f4 $14 Rd7 17. Kh2 h6 18. Kg1 Bf7 19. g4 Nh7 20. Kh1 exf4 21. Bxf4 Bg5 22. Bh2 Ne6 ({Black should try} 22... Bg6 $11) 23. e5 dxe5 24. Bxe5 Be8 25. Be4 Rxf1+ 26. Rxf1 Nhf8 27. Bf5 Rd2 28. Qe4 (28. Rd1 $11) 28... Be7 (28... Nc5 $17 29. Qf3 Ng6) 29. Qf3 (29. Nf4 $14 Nc5 30. Qe3) 29... Ng5 $11 30. Qg3 {And now Bc7 would win.} Bg6 {Hoping for ...Bxf5.} 31. Nf4 (31. Bc7 $5 {[%cal Rc7d8]} Qe8 32. Qe3 $14 (32. Bxb6 Bxf5 33. Rxf5 Bf6 $15)) 31... Bxf5 32. gxf5 {Strongly threatening h4.} Bf6 $36 {[%mdl 2048] Black fights for an advantage.} 33. Bxf6 Qxf6 34. Nfe2 (34. h4 $11 {keeps the balance.} Qxf5 35. Qe1 (35. hxg5 hxg5 36. Qh3 Qxh3+ 37. Nxh3 Rd3 $17 {[%mdl 64] Double Attack})) 34... Qd8 (34... Rb2 $17 35. h4 Nf7) 35. h4 Ngh7 36. Rg1 {[%csl Gg1][%cal Rg3g7]} Qd7 (36... Qe7 $17) 37. Nf4 (37. Qe5 $11) 37... Nf6 $17 38. Ne6 (38. Qe3 $17 Qd4 39. Qxd4 Rxd4 40. Nce2) 38... Nxe6 $19 39. fxe6 Qe7 $1 40. Qg6 (40. Rg2 {keeps fighting.} Rd6 41. Re2) 40... Kf8 (40... Rd4 $142 41. Rg3 Rxh4+ 42. Kg1 Nh5) 41. Ne4 (41. Re1 $142) 41... Rd4 42. Nxf6 Qxf6 43. Qxf6+ gxf6 {[%mdl 4096] Endgame KR-KR} 44. Rg6 Rxh4+ 45. Kg2 Ke7 46. Rg7+ Kxe6 47. Rb7 Kd6 {White must now prevent ...Kc5.} 48. Rxb6 Rh5 49. Ra6 Rf5 ({Black should play} 49... Rg5+ $17 50. Kh3 Kc7) 50. Ra8 $2 {[#]} (50. Ra7 $1 $11 {and White has nothing to worry.}) 50... h5 $2 (50... Kc7 $1 $19 51. Rh8 h5) 51. Kg3 $2 {[#]} (51. Ra7 $1 $11 {and White stays safe.}) 51... Kc7 $1 52. Ra7+ Kb6 53. Ra8 Rf1 54. Rb8+ $2 (54. Kg2 Rb1 55. c5+ Kb7 56. Rf8) 54... Kc5 55. Ra8 (55. Kh4 $142 Rh1+ 56. Kg3) 55... Kb4 56. Rb8+ Ka3 57. Ra8 Kxb3 58. Rxa5 h4+ 59. Kxh4 Kxc4 60. Ra8 c5 61. Kg3 Kc3 $2 (61... Kb4 $19 62. a5 Ra1 63. Rb8+ Kc4) 62. a5 $1 $11 c4 63. a6 Ra1 64. a7 Rg1+ 65. Kf4 Rg7 66. Kf5 Rc7 67. Kxf6 $2 {[%mdl 8192]} (67. Ke6 $11) 67... Kc2 {Mate.} 68. Ke6 c3 69. Kd6 Rh7 70. Kc6 Kc1 71. Kb6 Rh6+ 72. Kb5 Rh7 73. Kb6 c2 74. Rc8 Rxa7 $1 75. Kxa7 Kb2 76. Kb7 c1=R 77. Rxc1 Kxc1 {[%mdl 32768] Av CentiPawn Loss W=-73/B=-46. Weighted=-73/-42. An unexpected result.} 1/2-1/2

[Event "7th Uppsala Young Champions"]
[Site "Uppsala"]
[Date "2020.10.24"]
[Round "2.9"]
[White "Storme, Isak"]
[Black "Grahn, Vidar"]
[Result "1-0"]
[WhiteElo "2393"]
[BlackElo "1864"]
[Annotator "TA"]
[PlyCount "51"]
[EventDate "2020.10.23"]
[EventType "swiss"]
[EventCountry "SWE"]
[SourceTitle "playchess.com"]
[Source "ChessBase"]
[SourceQuality "1"]

{[%evp 24,50,30,20,20,1,7,-54,38,38,41,41,47,64,291,292,290,284,523,542,529,522,1798,1673,29996,5908,5343,5339,29999]} 1. e4 c5 2. Nf3 Nc6 3. Bb5 e6 4. O-O Nge7 5. Re1 a6 6. Bf1 d5 7. exd5 Nxd5 8. d4 Nf6 9. Be3 cxd4 10. Nxd4 Nxd4 11. Bxd4 Be7 12. c4 O-O 13. Nc3 Bd7 {B30: Sicilian: 2...Nc6 3 Bb5, lines without ...g6.} 14. Qf3 Bc6 15. Qe3 (15. Qd3 $11) 15... Nd7 (15... Ng4 $15 16. Qd3 (16. Qf4 h5 $15) 16... Bd6) 16. Rad1 $14 {[#]} Qc7 $146 ({Predecessor:} 16... Re8 17. a3 Qc7 18. b4 b6 19. Qg3 Qxg3 20. hxg3 Ra7 21. Rd3 Kf8 22. Red1 Rc8 {1-0 (55) Zhou,Y (2455)-Ansell,S (2358) England 2016}) 17. Nd5 Bxd5 18. cxd5 $40 {[%mdl 128] White mounts an attack.} Bb4 $2 {Loses the game.} ({Better is} 18... e5 $1 $14) 19. dxe6 $18 Bxe1 20. exd7 ({But not} 20. Rxe1 $6 fxe6 21. Qxe6+ Rf7 $16) ({Less strong is} 20. Qxe1 Nf6 $16) 20... Bxf2+ $2 (20... Qxd7 21. Qxe1 Rfe8) 21. Qxf2 Qxd7 {[#]} 22. Qg3 $1 {[%csl Gd4][%cal Rg3g7]} f5 {[#]} 23. Bf6 $1 {[%mdl 576] Pin} f4 (23... Rxf6 24. Rxd7) 24. Rxd7 (24. Bc4+ $142 Kh8 25. Rxd7 Rg8 26. Bxg7+ Rxg7 27. Qxg7#) 24... fxg3 25. Bc4+ Kh8 26. Bxg7# {Av CentiPawn Loss W=121/B=-296. Weighted=-88/-313} 1-0